000 00285nam a22001217a 4500
008 170714b xxu||||| |||| 00| 0 eng d
041 _aeng
080 _24TH
_a038
100 _a24
101 _aFJA
245 _aTHORPES DICTIONARY OF APPLIED CHEMISTRY
_cTHORPE, J,F
942 _2udc
_cBK
999 _c20961
_d20961